|
|
|
|
| LEADER |
01533nam a2200433Ia 4500 |
| 001 |
EBC1334381 |
| 003 |
MiAaPQ |
| 005 |
20200520144314.0 |
| 006 |
m o d | |
| 007 |
cr cn||||||||| |
| 008 |
121113s2013 enkac sb 001 0 eng d |
| 010 |
|
|
|z 2012042523
|
| 020 |
|
|
|z 9780857851307
|
| 020 |
|
|
|z 9780857851314
|
| 020 |
|
|
|z 9780857851321
|
| 020 |
|
|
|z 9780857851338
|
| 035 |
|
|
|a (MiAaPQ)EBC1334381
|
| 035 |
|
|
|a (Au-PeEL)EBL1334381
|
| 035 |
|
|
|a (CaPaEBR)ebr10735355
|
| 035 |
|
|
|a (CaONFJC)MIL615626
|
| 035 |
|
|
|a (OCoLC)855504298
|
| 040 |
|
|
|a MiAaPQ
|c MiAaPQ
|d MiAaPQ
|
| 050 |
|
4 |
|a AM7
|b .M8811 2013
|
| 082 |
0 |
4 |
|a 069
|2 23
|
| 245 |
0 |
0 |
|a Museums and communities
|h [electronic resource] :
|b curators, collections and collaboration /
|c edited by Viv Golding and Wayne Modest.
|
| 260 |
|
|
|a London ;
|a New York :
|b Bloomsbury,
|c c2013.
|
| 300 |
|
|
|a xvi, 290, [32] p. :
|b col. ill., ports.
|
| 504 |
|
|
|a Includes bibliographical references and index.
|
| 533 |
|
|
|a Electronic reproduction. Ann Arbor, MI : ProQuest, 2015. Available via World Wide Web. Access may be limited to ProQuest affiliated libraries.
|
| 650 |
|
0 |
|a Museums
|x Social aspects.
|
| 650 |
|
0 |
|a Community life.
|
| 650 |
|
0 |
|a Museum curators.
|
| 650 |
|
0 |
|a Museums
|x Collection management.
|
| 650 |
|
0 |
|a Cooperation.
|
| 655 |
|
4 |
|a Electronic books.
|
| 700 |
1 |
|
|a Golding, Vivien.
|
| 700 |
1 |
|
|a Modest, Wayne.
|
| 710 |
2 |
|
|a ProQuest (Firm)
|
| 856 |
4 |
0 |
|u https://ebookcentral.proquest.com/lib/matrademy/detail.action?docID=1334381
|z Click to View
|